| 000 | 02301nam a2200265Ia 4500 | ||
|---|---|---|---|
| 003 | OSt | ||
| 005 | 20210930162718.0 | ||
| 008 | 210310s1990 mx ad gr 000 0 spa d | ||
| 020 | _a9684227755 | ||
| 040 |
_aCO-JMCR _cCO-JMCR |
||
| 041 | 0 | _aspa | |
| 082 | 0 | 4 |
_a338.09 / _bB116e _223 |
| 100 | 1 |
_aBaca Urbina, Gabriel, _eautor _928529 |
|
| 245 | 1 | 0 |
_aEvaluación de proyectos : _banálisis y administración del riesgo / _cGabriel Baca Urbina |
| 250 | _a2ª. edición. | ||
| 260 |
_aMéxico : _bMcGraw-Hill, _c1990. |
||
| 300 |
_a283 páginas : _bilustraciones y gráficas en blanco y negro ; _c24 cm. |
||
| 504 | _aBibliografía : páginas 279. | ||
| 505 | 0 | _aElementos conceptuales y preparación de la evaluación. -- Estudio del mercado. -- Estudio técnico. -- Estudio económico. -- Evaluación económica. -- Análisis y administración del riesgo. | |
| 520 | 0 | _aLa presente edición del libro de Evaluación de Proyectos del profesor Gabriel Baca Urbina es el resultado de diversos comentarios y observaciones hechos por profesores y alumnos acerca de la primera edición. En esta 2a. edición se reescribieron partes enteras y también se hicieron adiciones a lo largo del texto, por ejemplo en las partes correspondientes a Investigación de Mercados, Estudios Técnicos, Estudios Eco nómicos y Evaluación Económica con el fin de esclarecer los temas y explicaciones tratados en el texto. La innovación principal consiste en la incorporación de una interesante parte sobre Análisis y Administración del Riesgo, en donde el autor presenta un nuevo método para el análisis de riesgo en empresas productivas de bienes y servicios y que permite determinar el riesgo de una inversión única, sin necesidad de compararla con otras; además este enfoque permite excluir la inflación del análisis, condición que constituye la mayor dificultad a superar cuando se efectúa la evaluación económica de una inversión. Los resultados del método son de tal naturaleza que lo vuelven aplicable y válido para cualquier tiempo, independientemente de las condiciones económicas vigentes, como nivel de inflación, recesión, | |
| 650 | 1 | 4 |
_aEvaluación de proyectos _92814 |
| 650 | 2 | 4 |
_aEstudios de mercado _940884 |
| 650 | 2 | 4 |
_aAnálisis de proyectos _940885 |
| 942 |
_2ddc _cBK |
||
| 999 |
_c12545 _d12545 |
||